书目信息 |
| 题名: |
十万个为什么 化学1
|
|
| 作者: | ;少年儿童出版社 | |
| 分册: | ||
| 出版信息: | 上海 少年儿童出版社 1999.09 |
|
| 页数: | 270页 | |
| 开本: | 32开 | |
| 丛书名: | ||
| 单 册: | ||
| 中图分类: | N51 | |
| 科图分类: | ||
| 主题词: | 自然科学--丛书 , 自然科学--多卷书 | |
| 电子资源: | ||
| ISBN: | 7-5324-3984-4 | |
| 000 | 00604nam0 2200193 45 | |
| 001 | 9912271613 | |
| 005 | 20141103145443.03 | |
| 010 | @a7-5324-3984-4@d14.00元 | |
| 100 | @a19991227d1999 km y0chiy0120 ea | |
| 101 | @achi | |
| 200 | 1 | @a十万个为什么 化学1@Ashi wan ge wei shi mo hua xue 1@f少年儿童出版社@Fshao nian er tong chu ban she |
| 210 | @a上海@c少年儿童出版社@d1999.09 | |
| 215 | @a270页@d32开 | |
| 606 | 0 | @a自然科学@x丛书 |
| 606 | 0 | @a自然科学@x多卷书 |
| 690 | @aN51@v3 | |
| 711 | 0 | @a少年儿童出版社@Ashao nian er tong chu ban she |
| 801 | @aCN@bPftUser@c19991227 | |
| 905 | @f1@b47971@dN51@eSH109 | |
| 十万个为什么 化学1/少年儿童出版社.-上海:少年儿童出版社,1999.09 |
| 270页;32开 |
| ISBN 7-5324-3984-4:14.00元 |
| ● |
| 相关链接 |
|
|
|
正题名:十万个为什么 化学1
索取号:N51/SH109
 
预约/预借
| 序号 | 登录号 | 条形码 | 馆藏地/架位号 | 状态 | 备注 |
| 1 | 494797 | 204947978 | 自科库401/401自科库 140排1列6层/ [索取号:N51/SH109] | 在馆 | |
| 2 | 6152 | 202013383 | 自科库401/401自科库 133排1列6层/ [索取号:N51/SH109] | 在馆 |